000 00807nam a22002055i 4500
001 154678
003 ES-MaACL
005 20241207184521.0
008 020916s1889 sp |||| | spa d
040 _aCCPB | B
_bspa
_cCCPB | B
100 1 _aGórriz y Muñoz, Ricardo José.
_9127734
245 1 0 _aEstudio monográfico del cornezuelo de centeno y crítica de sus preparaciones farmacéuticas /
_ctesis de farmacia presentada por Ricardo José Górriz y Muñoz.
260 _aZaragoza :
_btipografía y librería de Comas hermanos,
_c1889.
300 _a62 p. ;
_c24 cm.
650 4 _aFarmacología.
_912725
752 _aEspaña -
_dZaragoza
852 _aES-MaACL
_jT-1081-F-8
_z-- Enc. hol., conservando la cub. original
_z-- Enc. en un vol. facticio
942 _2udc
999 _c154678
_d154678